Bartolo Colon Teams - Statistics

General Stats
  • This quiz has been taken 12 times
  • The average score is 9 of 12
Answer Stats
Years Team % Correct
2017 Minnesota Twins
90%
2014-2016 New York Mets
90%
2011 New York Yankees
90%
2008 Boston Red Sox
80%
2003 Chicago White Sox
80%
2009 Chicago White Sox
80%
2012-2013 Oakland Athletics
80%
2017 Atlanta Braves
70%
2018 Texas Rangers
70%
1997-2002 Cleveland Indians
60%
2002 Montreal Expos
60%
2004-2007 Anaheim/LA Angles
50%
No matching quizzes found
Score Distribution
Percent of People with Each Score
Percentile by Number Answered
Your Score History
You have not taken this quiz